000
00317nam a2200121Ia 4500
008
230907s9999||||xx |||||||||||||| ||und||
082
_a
891.4393
_b
UMM
245
0
_a
شھرِ دل ، Shehr-e-dil /
260
_a
Ilm-O-Irfan Publishers,
_b
Lahore :
_c
2015
300
_a
280 p.
650
_a
Urdu Literature
942
_c
BK
999
_c
599761
_d
599761